000 00595nam a22001937a 4500
005 20251108170036.0
008 250721s1999 xx 000 0 ara d
082 1 4 _aط/ق/ماغ
100 1 _aماغوريان، ميشيل
245 1 0 _aتصبح علي خير يا سيد توم :
_bرواية /
264 1 _aستوكهوام :
_bدار المني،
_c1999.
300 _a350ص
650 1 7 _aالأدب العربي
650 1 7 _aالقصص العربية
650 1 7 _aأدب الأطفال
700 1 _aإبراهيم، سكينة
_eترجمة
942 _2ddc
_cBK
999 _c38212
_d38212